| 000 -LEADER |
| fixed length control field |
02534nam a2200313 a 4500 |
| 001 - CONTROL NUMBER |
| control field |
ASIN0470746629 |
| 003 - CONTROL NUMBER IDENTIFIER |
| control field |
OSt |
| 005 - DATE AND TIME OF LATEST TRANSACTION |
| control field |
20180116192408.0 |
| 008 - FIXED-LENGTH DATA ELEMENTS--GENERAL INFORMATION |
| fixed length control field |
120329s2010 xxu | 00| 0 eng d |
| 020 ## - INTERNATIONAL STANDARD BOOK NUMBER |
| International Standard Book Number |
0470746629 (paperback) |
| Terms of availability |
$40.00 |
| 020 ## - INTERNATIONAL STANDARD BOOK NUMBER |
| International Standard Book Number |
9780470746622 (paperback) |
| 040 ## - CATALOGING SOURCE |
| Transcribing agency |
0 |
| 082 ## - DEWEY DECIMAL CLASSIFICATION NUMBER |
| Classification number |
720.47 ECO 2010 |
| 245 10 - TITLE STATEMENT |
| Title |
Ecoredux : |
| Remainder of title |
design remedies for an ailing planet / |
| Statement of responsibility, etc. |
Kallipoliti Lydia. |
| 250 ## - EDITION STATEMENT |
| Edition statement |
1st ed. |
| 260 ## - PUBLICATION, DISTRIBUTION, ETC. |
| Place of publication, distribution, etc. |
London : |
| Name of publisher, distributor, etc. |
Wiley; |
| Date of publication, distribution, etc. |
2010. |
| 300 ## - PHYSICAL DESCRIPTION |
| Extent |
136 p. : |
| Dimensions |
28 cm. |
| 440 ## - SERIES STATEMENT/ADDED ENTRY--TITLE |
| Title |
Architectural design ; |
| Number of part/section of a work |
v. 80, no. 6 |
| 9 (RLIN) |
661 |
| 490 1# - SERIES STATEMENT |
| Series statement |
Profile ; |
| Volume/sequential designation |
no. 208 |
| 520 ## - SUMMARY, ETC. |
| Summary, etc. |
This issue of AD explores the remarkable resurgence of ecological strategies in architectural imagination. As a symptom of a new sociopolitical reality inundated with environmental catastrophes, sudden climatic changes, garbage-packed metropolises and para-economies of non-recyclable e-waste, environmental consciousness and the image of the earth re-emerges, after the 1960s, as an inevitable cultural armature for architects; now faced with the urgency to heal an ill-managed planet that is headed towards evolutionary bankruptcy. At present though, in a world that has suffered severe loss of resources, the new wave of ecological architecture is not solely directed to the ethics of the world's salvation, yet rather upraises as a psycho-spatial or mental position, fuelling a reality of change, motion and action. Coined as ‘EcoRedux', this position differs from utopia in that it does not explicitly seek to be right; it recognises pollution and waste as generative potentials for design. In this sense, projects that may appear at first sight as science-fictional are not part of a foreign sphere, unassociated with the real, but an extrusion of our own realms and operations. Contributors include: Matthias Hollwich and Marc Kushner (HWKN), Fabiola López-Durán and Nikki Moore, Anthony Vidler and Mark Wigley. Featured architects: Anna Pla Catalá, Jonathan Enns, Eva Franch-Gilabert. Mitchell Joachim (Terreform One), François Roche (R&Sie(n)), Rafi Segal, Alexandros Tsamis and Eric Vergne. |
| 650 ## - SUBJECT ADDED ENTRY--TOPICAL TERM |
| Topical term or geographic name entry element |
Architecture |
| Chronological subdivision |
Environmental aspects |
| 9 (RLIN) |
662 |
| 650 ## - SUBJECT ADDED ENTRY--TOPICAL TERM |
| Topical term or geographic name entry element |
Sustainable architecture |
| 9 (RLIN) |
663 |
| 650 ## - SUBJECT ADDED ENTRY--TOPICAL TERM |
| Topical term or geographic name entry element |
Environmentalism |
| 9 (RLIN) |
664 |
| 700 1# - ADDED ENTRY--PERSONAL NAME |
| Personal name |
Lydia, Kallipoliti. |
| 9 (RLIN) |
665 |
| 830 #0 - SERIES ADDED ENTRY--UNIFORM TITLE |
| Uniform title |
Architectural design. |
| 9 (RLIN) |
666 |
| 856 40 - ELECTRONIC LOCATION AND ACCESS |
| Materials specified |
Amazon.com |
| Uniform Resource Identifier |
<a href="http://www.amazon.com/exec/obidos/ASIN/0470746629/chopaconline-20">http://www.amazon.com/exec/obidos/ASIN/0470746629/chopaconline-20</a> |
| 942 ## - ADDED ENTRY ELEMENTS (KOHA) |
| Source of classification or shelving scheme |
|
| Koha item type |
Book |